000 00950nam a2200265Ia 4500
003 OSt
005 20221005112415.0
006 a|||||r|||| 00| 0
007 ta
008 221004b |||||||| |||| 00| 0 eng d
020 _a9789389159653 (hbk)
_cINR 250.00
024 _a65664
037 _b1168, 30/12/2019, H.K. Prakashan
_cTextual
040 _aCRL
_cCRL
_beng
041 _2eng
_aeng
082 _aO153,3:g, Q9
100 _aਅਮਲਿੰਦਰ ਪ੍ਰੀਤ, ਂਚ।
245 0 _aਪਰਦੇਸੋ੍ਵ ਪਾਰ ਦੇ ਸੱਚ
260 _aਚੰਡਗੜ
_bਲੋਕਗੀਤ ਪ੍ਰਕਾਨ ਭਾਰਤ
_c2019
300 _a96ਪ੍ਰ0
_ccm.
650 _a ਪੰਜਾਬੀ ਕਹਾਣੀ
650 _aਪੰਜਾਬੀ ਸਾਹਿਤ
942 _hO153,3:g, Q9
_cTEXL
_2cc
999 _c1024791
_d1024791